header

Drilling engineering (Record no. 223398)

MARC details
000 -LEADER
fixed length control field 01223nam a2200325 a 4500
082 04 - DEWEY DECIMAL CLASSIFICATION NUMBER
Classification number 622/.3381
100 1# - MAIN ENTRY--AUTHOR NAME
Personal name Azar, Jamal J.,
245 10 - TITLE STATEMENT
Title Drilling engineering
260 ## - PUBLICATION, DISTRIBUTION, ETC. (IMPRINT)
Place of publication Tulsa, Okla. :
Name of publisher PennWell Corp.,
Year of publication c2007.
300 ## - PHYSICAL DESCRIPTION
Number of Pages x, 486 p. :
Other physical details ill.
650 #0 - SUBJECT ADDED ENTRY--TOPICAL TERM
Topical Term Oil well drilling.
Topical Term Gas well drilling.
700 1# - ADDED ENTRY--PERSONAL NAME
Personal name Samuel, G. Robello.
856 40 - ELECTRONIC LOCATION AND ACCESS
Uniform Resource Identifier http://site.ebrary.com/lib/rucke/Doc?id=10201495

No items available.

© 2026 Rongo University
Contact us: librarian | system librarian | Rongo university